|
|
|
|
| LEADER |
02104nam a2200325 a 4500 |
| 001 |
16211737 |
| 008 |
120503s2011 nju b 001 0 eng |
| 010 |
|
|
|a 2010017346
|
| 020 |
|
|
|a 9780691147567 (hc : alk. paper)
|
| 040 |
|
|
|a DLC
|c DLC
|d DLC
|d BD-DhAAL
|
| 042 |
|
|
|a pcc
|
| 043 |
|
|
|a aw-----
|
| 050 |
0 |
0 |
|a HC415.15
|b .K87 2011
|
| 082 |
0 |
0 |
|a 330.956
|2 22
|
| 100 |
1 |
|
|a Kuran, Timur.
|
| 245 |
1 |
4 |
|a The long divergence :
|b how Islamic law held back the Middle East /
|c Timur Kuran.
|
| 260 |
|
|
|a Princeton ;
|a Oxford :
|b Princeton University Press,
|c c2011.
|
| 300 |
|
|
|a xvi, 405 p. :
|b ill., maps ;
|c 24 cm.
|
| 504 |
|
|
|a Includes bibliographical references and index.
|
| 541 |
|
|
|e 00025082
|
| 505 |
0 |
|
|a The puzzle of the Middle East's economic retardation -- Analyzing the economic role of Islam -- Commercial life under Islamic rule -- Stagnation of Islamic commercial organization -- Constraining features of the Islamic inheritance system -- The absence of the corporation in Islamic law -- Barriers to the emergence of a Middle Eastern business corporation -- Credit markets without banks -- The Islamization of non-Muslim economic life -- The ascent of the Middle East's religious minorities -- Origins and fiscal impact of the capitulations -- Foreign privileges as facilitators of impersonal exchange -- The absence of Middle Eastern consuls -- Did Islam inhibit economic development?
|
| 651 |
|
0 |
|a Middle East
|x Economic conditions.
|
| 651 |
|
0 |
|a Middle East
|x Economic policy.
|
| 650 |
|
0 |
|a Economic development
|x Religious aspects
|x Islam.
|
| 650 |
|
0 |
|a Islamic law
|x Economic aspects.
|
| 650 |
|
0 |
|a Islam
|x Economic aspects.
|
| 852 |
1 |
|
|a Ayesha Abed Library
|c General shelf.
|
| 999 |
|
|
|c 12142
|d 12142
|
| 952 |
|
|
|0 0
|1 0
|2 ddc
|4 0
|6 330_956000000000000_KUR
|7 0
|9 20159
|a BRACUL
|b BRACUL
|c GEN
|d 2012-05-07
|e karim International
|g 2640.00
|l 1
|m 3
|o 330.956 KUR
|p 3010025082
|r 2025-04-06
|s 2025-02-27
|t 1
|w 2012-05-07
|y BK
|
| 952 |
|
|
|0 0
|1 0
|2 ddc
|4 0
|6 330_956000000000000_KUR
|7 0
|9 20160
|a BRACUL
|b BRACUL
|c GEN
|d 2012-05-07
|e karim International
|g 2640.00
|l 2
|m 18
|o 330.956 KUR
|p 3010025083
|r 2024-05-14
|s 2024-02-19
|t 2
|w 2012-05-07
|y BK
|